000 01125nam a2200289 c 4500
003 BLK
005 20220609135247.0
008 180411b bul|||||r ||||||| ||bul||
010 _aKNG00216686000
040 _aBLK
041 _aBUL
_cBUL
080 _aБългарска литература
_b821.163.2
_x-31
_z821.163.2-31
100 1 _aКараславов, Георги Славов
_eпърви автор
_9366141
139 _aКараславов, Георги Славов
_bК 36
245 1 0 _aОбикновени хора
_bЕпопея на 3 десетилетия : В 3 т.
_cГеорги Славов Караславов.
_nТ. 2
_pЧ. 3. Алени знамена
257 _aBGR
260 София
_bБълг. писател
_c1977
300 _c21 см
380 _aX
505 _g
_r
_tЧ. 4. Кървав път
760 1 _aКараславов, Георги Славов
_h808 с.
_tТ. 2 Ч. 3. Алени знамена
852 _aЦб 85279
856 4 _qpdf
_u
856 4 _qpdf
_u
942 _cKNG
_n0
_04
944 _aCR
_c01.03.2018
_kКети_Илиева
944 _aED
_c01.03.2018
_kКети_Илиева
999 _c206935
_d206935